Memoire sur les Démêlés de la France avec l'Angleterre aux Indes Orientales, a la coste d'Afrique et dans l'Amérique septentrionale, (Record no. 43889)
[ view plain ]
| 000 -LEADER | |
|---|---|
| fixed length control field | 00936cpcaa22002537a 4500 |
| 001 - CONTROL NUMBER | |
| control field | mm 83004194 |
| 003 - CONTROL NUMBER IDENTIFIER | |
| control field | DLC |
| 005 - DATE AND TIME OF LATEST TRANSACTION | |
| control field | 20260227111718.0 |
| 008 - FIXED-LENGTH DATA ELEMENTS--GENERAL INFORMATION | |
| fixed length control field | 830127|||||||||||| fre |
| 010 ## - LIBRARY OF CONGRESS CONTROL NUMBER | |
| LC control number | mm 83004194 |
| 040 ## - CATALOGING SOURCE | |
| Original cataloging agency | DLC |
| Transcribing agency | DLC |
| Description conventions | dacs |
| Modifying agency | DLC |
| 072 #7 - SUBJECT CATEGORY CODE | |
| Subject category code | C |
| Source | lcmd |
| 245 00 - TITLE STATEMENT | |
| Title | Memoire sur les Démêlés de la France avec l'Angleterre aux Indes Orientales, a la coste d'Afrique et dans l'Amérique septentrionale, |
| Inclusive dates | 1754. |
| 300 ## - PHYSICAL DESCRIPTION | |
| Extent | 1 |
| Type of unit | item. |
| 506 0# - RESTRICTIONS ON ACCESS NOTE | |
| Terms governing access | Open to research. |
| 546 ## - LANGUAGE NOTE | |
| Language note | Collection material in French. |
| 580 ## - LINKING ENTRY COMPLEXITY NOTE | |
| Linking entry complexity note | Forms part of: Miscellaneous Manuscripts collection. |
| 651 #0 - SUBJECT ADDED ENTRY--GEOGRAPHIC NAME | |
| Geographic name | Africa |
| General subdivision | History, Naval. |
| 651 #0 - SUBJECT ADDED ENTRY--GEOGRAPHIC NAME | |
| Geographic name | France |
| General subdivision | History, Naval. |
| 651 #0 - SUBJECT ADDED ENTRY--GEOGRAPHIC NAME | |
| Geographic name | Great Britain |
| General subdivision | History, Naval. |
| 651 #0 - SUBJECT ADDED ENTRY--GEOGRAPHIC NAME | |
| Geographic name | North America |
| General subdivision | History, Naval. |
No items available.